Top 15 des meilleurs gardiens au 21e siècle d'après Canal+ - Statistiques

Statistiques générales
  • Ce quiz a été pris 138 fois
  • Le résultat moyen est 13 sur 15
Statistiques - réponses
Classement Nationalité Joueurs % Correct
3 Belgique Thibaut Courtois
99%
2 Italie Gianluigi Buffon
97%
9 France Hugo Lloris
96%
1 Allemagne Manuel Neuer
95%
4 Espagne Iker Casillas
94%
8 France Fabien Barthez
91%
10 Costa Rica Keylor Navas
87%
6 République tchèque Petr Čech
87%
11 Slovénie Jan Oblak
86%
15 Argentine Emiliano Martinez
85%
12 Italie Gianluigi Donnarumma
85%
14 Brésil Alisson
83%
5 Allemagne Oliver Kahn
77%
7 Pays-Bas Edwin van der Sar
76%
13 Brésil Dida
62%
Aucun quiz correspondant
Distribution des résultats
% des personnes avec chaque résultat
Percentile par nombre de réponses
Votre historique - résultats
Vous n’avez pas pris ce quiz